Trease and evans Pharamcognosy / (Record no. 36406)

MARC details
000 -LEADER
fixed length control field 00481nam a22001817a 4500
005 - DATE AND TIME OF LATEST TRANSACTION
control field 20240815110928.0
008 - FIXED-LENGTH DATA ELEMENTS--GENERAL INFORMATION
fixed length control field 240815b |||||||| |||| 00| 0 eng d
020 ## - INTERNATIONAL STANDARD BOOK NUMBER
ISBN 9780702029349
082 ## - DEWEY DECIMAL CLASSIFICATION NUMBER
Classification number 612
Item number EVA-T
100 ## - MAIN ENTRY--AUTHOR
Author Name Evans William C
245 ## - TITLE STATEMENT
Title Trease and evans Pharamcognosy /
Statement of responsibility, etc. Evans William C
250 ## - EDITION STATEMENT
Edition statement 16th ed.
260 ## - PUBLICATION, DISTRIBUTION, ETC.
Place of Publication USA :
Name of publisher, distributor, etc. Jaypee ;
Date of publication, distribution, etc. 2009
300 ## - PHYSICAL DESCRIPTION
Pages xvi,603p.
500 ## - GENERAL NOTE
General note include index .
650 ## - SUBJECT ADDED ENTRY--TOPICAL TERM
Subject / Department Pharmacognosy /
300 ## - PHYSICAL DESCRIPTION
-- ill;
-- 27 cm.
952 ## - LOCATION AND ITEM INFORMATION (KOHA)
-- 0
-- 0
952 ## - LOCATION AND ITEM INFORMATION (KOHA)
-- 0
-- 0
952 ## - LOCATION AND ITEM INFORMATION (KOHA)
-- 0
-- 0
952 ## - LOCATION AND ITEM INFORMATION (KOHA)
-- 0
-- 0
952 ## - LOCATION AND ITEM INFORMATION (KOHA)
-- 0
-- 0
952 ## - LOCATION AND ITEM INFORMATION (KOHA)
-- 0
-- 0
952 ## - LOCATION AND ITEM INFORMATION (KOHA)
-- 0
-- 0
952 ## - LOCATION AND ITEM INFORMATION (KOHA)
-- 0
-- 0
952 ## - LOCATION AND ITEM INFORMATION (KOHA)
-- 0
-- 0
952 ## - LOCATION AND ITEM INFORMATION (KOHA)
-- 0
-- 0
952 ## - LOCATION AND ITEM INFORMATION (KOHA)
-- 0
-- 0
952 ## - LOCATION AND ITEM INFORMATION (KOHA)
-- 0
-- 0
952 ## - LOCATION AND ITEM INFORMATION (KOHA)
-- 0
-- 0
952 ## - LOCATION AND ITEM INFORMATION (KOHA)
-- 0
-- 0
952 ## - LOCATION AND ITEM INFORMATION (KOHA)
-- 0
-- 0
Holdings
Lost status Damaged status Collection code Permanent Location Current Location Shelving Location Date acquired Full Call Number Accession No./Barcode Date last seen Copy number item type Koha item type
    Pharmacy Superior Information Resource Center (SIRC) Superior University- Central Library Superior Information Resource Center (SIRC) Superior University- Central Library Pharmacognosy 08/15/2024 612 EVA-T 2009 11162 08/15/2024 1 BOOK BOOK
    Pharmacy Superior Information Resource Center (SIRC) Superior University- Central Library Superior Information Resource Center (SIRC) Superior University- Central Library Pharmacognosy 08/15/2024 612 EVA-T 2009 11163 08/15/2024 2 BOOK BOOK
    Pharmacy Superior Information Resource Center (SIRC) Superior University- Central Library Superior Information Resource Center (SIRC) Superior University- Central Library Pharmacognosy 08/15/2024 612 EVA-T 2009 11164 08/15/2024 3 BOOK BOOK
    Pharmacy Superior Information Resource Center (SIRC) Superior University- Central Library Superior Information Resource Center (SIRC) Superior University- Central Library Pharmacognosy 08/15/2024 612 EVA-T 2009 11165 02/03/2025 4 BOOK BOOK
    Pharmacy Superior Information Resource Center (SIRC) Superior University- Central Library Superior Information Resource Center (SIRC) Superior University- Central Library Pharmacognosy 08/15/2024 612 EVA-T 2009 11168 08/15/2024 5 BOOK BOOK
    Pharmacy Superior Information Resource Center (SIRC) Superior University- Central Library Superior Information Resource Center (SIRC) Superior University- Central Library Pharmacognosy 08/15/2024 612 EVA-T 2009 11169 08/15/2024 6 BOOK BOOK
    Pharmacy Superior Information Resource Center (SIRC) Superior University- Central Library Superior Information Resource Center (SIRC) Superior University- Central Library Pharmacognosy 08/15/2024 612 EVA-T 2009 11170 08/15/2024 7 BOOK BOOK
    Pharmacy Superior Information Resource Center (SIRC) Superior University- Central Library Superior Information Resource Center (SIRC) Superior University- Central Library Pharmacognosy 08/15/2024 612 EVA-T 2009 11171 08/15/2024 8 BOOK BOOK
    Pharmacy Superior Information Resource Center (SIRC) Superior University- Central Library Superior Information Resource Center (SIRC) Superior University- Central Library Pharmacognosy 08/15/2024 612 EVA-T 2009 11417 08/15/2024 9 BOOK BOOK
    Pharmacy Superior Information Resource Center (SIRC) Superior University- Central Library Superior Information Resource Center (SIRC) Superior University- Central Library Pharmacognosy 08/15/2024 612 EVA-T 2009 11418 08/15/2024 10 BOOK BOOK
    Pharmacy Superior Information Resource Center (SIRC) Superior University- Central Library Superior Information Resource Center (SIRC) Superior University- Central Library Pharmacognosy 08/15/2024 612 EVA-T 2009 11419 08/15/2024 11 BOOK BOOK
    Pharmacy Superior Information Resource Center (SIRC) Superior University- Central Library Superior Information Resource Center (SIRC) Superior University- Central Library Pharmacognosy 08/15/2024 612 EVA-T 2009 11420 08/15/2024 12 BOOK BOOK
    Pharmacy Superior Information Resource Center (SIRC) Superior University- Central Library Superior Information Resource Center (SIRC) Superior University- Central Library Pharmacognosy 08/15/2024 612 EVA-T 2009 11421 08/15/2024 13 BOOK BOOK
    Pharmacy Superior Information Resource Center (SIRC) Superior University- Central Library Superior Information Resource Center (SIRC) Superior University- Central Library Pharmacognosy 08/15/2024 612 EVA-T 2009 11422 08/15/2024 14 BOOK BOOK
    Pharmacy Superior Information Resource Center (SIRC) Superior University- Central Library Superior Information Resource Center (SIRC) Superior University- Central Library Pharmacognosy 08/15/2024 612 EVA-T 2009 4011 08/15/2024 15 BOOK BOOK

Powered by Koha